|
|
|
|
| LEADER |
01459nab#a2200385#ar4500 |
| 001 |
000074844 |
| 003 |
SVKKK |
| 005 |
20050503xxxxxxx. |
| 008 |
06 c xo huno |
| FMT |
|
|
|
| 038 |
|
|
|a SVKKK
|
| 040 |
|
|
|a SVKKK
|b slo
|e AACR2
|
| 041 |
0 |
|
|a hun
|
| 044 |
|
|
|a xo
|c SK
|
| 080 |
|
|
|a 353
|
| 242 |
1 |
0 |
|a Porada ohľadom zásobovania
|
| 245 |
0 |
0 |
|a Közélelmezési értékezlet
|
| 500 |
|
|
|a mikrofilm
|
| 520 |
2 |
|
|a Správa o pracovnej porade ohľadom zásobovania, ktorá sa uskutočnila v Humennom 3. augusta 1918. Menoslov účastníkov + účasť každého hlavného slúžneho Zemplína. Celkove sa Zemplín zaviazal odovzdať 1100 q obilných plodín. Z toho samotné Humenné má dodať 21 metrických centov "szemes termények" obilných plodín.
|
| 650 |
0 |
4 |
|a zásobovanie - porada pracovná - účastníci - Humenné - 3.08.1918 - správy
|
| 650 |
0 |
4 |
|a účastníci - Dioszeghy, János (vládny komisár pre zásobovanie) - Thuranszky, Ladislav (hlavný notár) - Cseley, Ondrej (hlavný slúžny) - Farkas, Aladár (podplukovník) - Jencs, Aladár (podplukovník četnícky)
|
| 773 |
0 |
|
|t Felvidéki Hirlap
|g Roč. 12, č. 22 (10.08.1918) s. 3
|
| 957 |
|
|
|a Humenné
|
| 957 |
|
|
|a Medzilaborce
|
| 957 |
|
|
|a Michalovce
|
| 957 |
|
|
|a Sečovce
|
| 957 |
|
|
|a Snina
|
| 957 |
|
|
|a Stropkov
|
| 957 |
|
|
|a Vranov
|
| 958 |
|
|
|a DG
|
| 958 |
|
|
|a SK
|
| 974 |
|
|
|a Ba
|d 20050503
|
| 992 |
|
|
|a RBX
|
| BAS |
|
|
|
| 998 |
|
|
|a RETRO
|